География. 1 бѳл.: Үчүнчү классы үчүн окуу китеби (Запись № 13372560)

Подробности
000 -МАРКЕР
контрольное поле 01234nam2a2200265 4500
001 - ИДЕНТИФИКАТОР ЗАПИСИ
контрольное поле RU\NLR\BIBL_A\022476510
005 - ИДЕНТИФИКАТОР ВЕРСИИ
контрольное поле 20250810080649.0
035 ## - ДРУГИЕ СИСТЕМНЫЕ НОМЕРА
Идентификатор записи (NLR Aleph) 022476510
100 ## - ДАННЫЕ ОБЩЕЙ ОБРАБОТКИ
Данные общей обработки 20250303g1945 m y0rusy50 ca
101 0# - ЯЗЫК РЕСУРСА
Язык текста, звукозаписи и т.д. киргизский
102 ## - СТРАНА ПУБЛИКАЦИИ ИЛИ ПРОИЗВОДСТВА
Страна публикации Киргизстан
105 ## - ПОЛЕ КОДИРОВАННЫХ ДАННЫХ: ТЕКСТОВЫЕ МАТЕРИАЛЫ, МОНОГРАФИЧЕСКИЕ
Кодированные данные о монографическом текстовом документе ab j 000yy
181 #0 - ПОЛЕ КОДИРОВАННЫХ ДАННЫХ: ВИД СОДЕРЖАНИЯ
Код вида содержания (ISBD) i
Код характеристики содержания (ISBD) axxe
182 #0 - ПОЛЕ КОДИРОВАННЫХ ДАННЫХ: ТИП СРЕДСТВА
Код типа средства (ISBD) n - непосредственное
200 1# - ЗАГЛАВИЕ И СВЕДЕНИЯ ОБ ОТВЕТСТВЕННОСТИ
Основное заглавие Үчүнчү классы үчүн окуу китеби
203 ## - ВИД СОДЕРЖАНИЯ И ТИП СРЕДСТВА
Вид содержания Текст
Дополнительные сведения об издании визуальный
Тип средства непосредственный
210 ## - ПУБЛИКАЦИЯ, РАСПРОСТРАНЕНИЕ И ДР.
Дата издания, распространения и т.д. 1945
215 ## - ФИЗИЧЕСКАЯ ХАРАКТЕРИСТИКА
Специфическое обозначение материала и объем 129 с.
Другие сведения о физической характеристике ил.
461 #0 - УРОВЕНЬ НАБОРА
Встроенное поле 001RU\NLR\BIBL_A\022476469
-- 2001#$aГеография$eбашталгыч мектеп үчүн окуу китеби$fЛ. Г. Терехова жана В. Г. Эрдели$v1 бѳл.
-- 700#1$aТерехова$bЛ.Г.$gЛидия Григорьевна$4070$3RU\NLR\AUTH\7950463
Системный номер (АБИС) связанной записи 13464229
Автор Терехова, Л. Г.
Место публикации Фрунзе
Дата публикации 1945-
Первые сведения об ответственности Л. Г. Терехова жана В. Г. Эрдели
Имя издателя, распространителя и т.д. Кыргызмамбас
Сведения, относящиеся к заглавию башталгыч мектеп үчүн окуу китеби
Заглавие География
Номер тома 1 бѳл.
942 ## - ДОПОЛНИТЕЛЬНЫЕ ЭЛЕМЕНТЫ ЗАПИСИ (АБИС)
Тип экземпляра АБИС Книга
945 ## - Информацию об издании предоставили:
Полное название организации, предоставившей материал Российская национальная библиотека
980 ## - КОЛЛЕКЦИЯ
Название коллекции Библиография Победы
980 ## - КОЛЛЕКЦИЯ
Название коллекции Национальная библиография
Экземпляры
Тип экземпляра Дата поступления Библиотека постоянного хранения Библиотека текущего хранения Место хранения Шифр хранения Штрих-код Статус экземпляра
Книга 03.03.2025 РНБ (Московский) РНБ (Московский) Фонд национальных литератур, ин. ОНЛ Кирг./3-807 1-2994899 Доставлен в Фoнд
Книга 03.03.2025 РНБ (Московский) РНБ (Московский) Фонд национальных литератур, ин. ОНЛ Кирг./3-807 1-2994900 Доставлен в Фoнд